01370 a2200217 45000010006000000050017000060080041000230030015000640400040000790800053001192450135001720200022003072500012003292640046003413000024003875050565004110410008009761000020009847000030010048560118010342120520260407155502.0260407a1998 arg spa dAR-UNSa-BCEJYS aAR-UNSa-BCEJYSbspacAR-UNSa-BCEJYS a517.1xIntroducción al análisis. (Cálculo)10aMatemáticas previas al cálculopfunciones, gráficas y geometría analítica. Con ejercicios para calculadora y graficadora a978-970-613-056-3 a3a. ed. 1aMéxico :bOxford University Pressc1998 axvi, 907 p.c23 cm. a1. Números, expresiones algebraicas y gráficas de ecuaciones - 2. Ecuaciones y desigualdades - 3. Rectas, parábolas, circunferencias y traslación de ejes - 4. Funciones y sus gráficas - 5. Funciones polinomiales y relacionales - 6. Funciones inversas, exponenciales y logarítmicas - 7. Funciones trigonométricas de números reales - 8. Funciones trigonométricas de ángulos - 9. Trigonometría analítica - 10. Vectores, ecuaciones paramétricas, coordenadas polares y números complejos - 11. Secciones cónicas - 12. Temas de álgebra aspa1 aLeithold, Louis1 aMata González, Fidencio41uhttps://biblioeco.unsa.edu.ar/pmb/images/libros/Matem?ticas Previas al Calculo.jpgyImagen de portadaqimage/jpeg